<?xml version="1.0" encoding="UTF-8"?><?xml-stylesheet type="text/xsl" href="static/style.xsl"?><OAI-PMH xmlns="http://www.openarchives.org/OAI/2.0/" xmlns:xsi="http://www.w3.org/2001/XMLSchema-instance" xsi:schemaLocation="http://www.openarchives.org/OAI/2.0/ http://www.openarchives.org/OAI/2.0/OAI-PMH.xsd"><responseDate>2026-04-29T02:37:27Z</responseDate><request verb="GetRecord" identifier="oai:repisalud.isciii.es:20.500.12105/17315" metadataPrefix="marc">https://repisalud.isciii.es/rest/oai/request</request><GetRecord><record><header><identifier>oai:repisalud.isciii.es:20.500.12105/17315</identifier><datestamp>2024-01-23T20:12:50Z</datestamp><setSpec>com_20.500.12105_15322</setSpec><setSpec>com_20.500.12105_2051</setSpec><setSpec>col_20.500.12105_16927</setSpec></header><metadata><record xmlns="http://www.loc.gov/MARC21/slim" xmlns:dcterms="http://purl.org/dc/terms/" xmlns:doc="http://www.lyncode.com/xoai" xmlns:xsi="http://www.w3.org/2001/XMLSchema-instance" xsi:schemaLocation="http://www.loc.gov/MARC21/slim http://www.loc.gov/standards/marcxml/schema/MARC21slim.xsd">
   <leader>00925njm 22002777a 4500</leader>
   <datafield ind2=" " ind1=" " tag="042">
      <subfield code="a">dc</subfield>
   </datafield>
   <datafield ind2=" " ind1=" " tag="720">
      <subfield code="a">Hanefeld, Markolf</subfield>
      <subfield code="e">author</subfield>
   </datafield>
   <datafield ind2=" " ind1=" " tag="720">
      <subfield code="a">Arteaga, Juan M</subfield>
      <subfield code="e">author</subfield>
   </datafield>
   <datafield ind2=" " ind1=" " tag="720">
      <subfield code="a">Leiter, Lawrence A</subfield>
      <subfield code="e">author</subfield>
   </datafield>
   <datafield ind2=" " ind1=" " tag="720">
      <subfield code="a">Marchesini, Giulio</subfield>
      <subfield code="e">author</subfield>
   </datafield>
   <datafield ind2=" " ind1=" " tag="720">
      <subfield code="a">Nikonova, Elena</subfield>
      <subfield code="e">author</subfield>
   </datafield>
   <datafield ind2=" " ind1=" " tag="720">
      <subfield code="a">Shestakova, Marina</subfield>
      <subfield code="e">author</subfield>
   </datafield>
   <datafield ind2=" " ind1=" " tag="720">
      <subfield code="a">Stager, William</subfield>
      <subfield code="e">author</subfield>
   </datafield>
   <datafield ind2=" " ind1=" " tag="720">
      <subfield code="a">Gómez-Huelgas, Ricardo</subfield>
      <subfield code="e">author</subfield>
   </datafield>
   <datafield ind2=" " ind1=" " tag="260">
      <subfield code="c">2017-06-07</subfield>
   </datafield>
   <datafield ind2=" " ind1=" " tag="520">
      <subfield code="a">This post hoc assessment evaluated the efficacy and safety of once-daily, prandial glucagon-like peptide-1 receptor agonist lixisenatide in patients with type 2 diabetes (T2D) and normal renal function (estimated glomerular filtration rate ≥90 mL/min), or mild (60-89 mL/min) or moderate (30-59 mL/min) renal impairment. Patients from 9 lixisenatide trials in the GetGoal clinical trial programme were categorized by baseline creatinine clearance: normal renal function (lixisenatide n = 2094, placebo n = 1150); renal impairment (mild: lixisenatide n = 637, placebo n = 414; moderate: lixisenatide n = 122, placebo n = 68). Meta-analyses of placebo-adjusted mean differences between baseline renal categories were performed for efficacy and safety outcomes. HbA1c, 2-hour postprandial plasma glucose and fasting plasma glucose were comparably reduced in lixisenatide-treated patients with normal renal function, and mild and moderate renal impairment. The most common adverse events (AEs) in all renal function categories were gastrointestinal (GI), predominantly nausea and vomiting. A 14% higher incidence of GI AEs and a 10% higher incidence of nausea and vomiting were seen with mild impairment vs normal function (P = .003 for both), but no significant differences were observed between the mild and moderate impairment categories (P = .99 and P = .57, respectively), or between the moderate impairment and normal categories (P = .16 and P = .65, respectively). Additionally, the incidence of hypoglycaemia was similar in all categories. This study demonstrates that baseline renal status does not affect efficacy outcomes in lixisenatide- vs placebo-treated patients, and that no lixisenatide dose adjustment is required for patients with T2D with mild or moderate renal impairment.</subfield>
   </datafield>
   <datafield ind1="8" ind2=" " tag="024">
      <subfield code="a">http://hdl.handle.net/10668/11141</subfield>
   </datafield>
   <datafield ind1="8" ind2=" " tag="024">
      <subfield code="a">http://hdl.handle.net/20.500.12105/17315</subfield>
   </datafield>
   <datafield ind1="8" ind2=" " tag="024">
      <subfield code="a">28449324</subfield>
   </datafield>
   <datafield ind1="8" ind2=" " tag="024">
      <subfield code="a">10.1111/dom.12986</subfield>
   </datafield>
   <datafield ind1="8" ind2=" " tag="024">
      <subfield code="a">1463-1326</subfield>
   </datafield>
   <datafield ind1="8" ind2=" " tag="024">
      <subfield code="a">Diabetes, obesity &amp; metabolism</subfield>
   </datafield>
   <datafield tag="653" ind2=" " ind1=" ">
      <subfield code="a">GLP-1</subfield>
   </datafield>
   <datafield tag="653" ind2=" " ind1=" ">
      <subfield code="a">incretin therapy</subfield>
   </datafield>
   <datafield tag="653" ind2=" " ind1=" ">
      <subfield code="a">meta-analysis</subfield>
   </datafield>
   <datafield tag="653" ind2=" " ind1=" ">
      <subfield code="a">type 2 diabetes</subfield>
   </datafield>
   <datafield ind2="0" ind1="0" tag="245">
      <subfield code="a">Efficacy and safety of lixisenatide in patients with type 2 diabetes and renal impairment.</subfield>
   </datafield>
</record></metadata></record></GetRecord></OAI-PMH>